| 000 | 00459nam a2200169Ia 4500 | ||
|---|---|---|---|
| 005 | 20250508155733.0 | ||
| 008 | 008 250505s9999 xx 000 0 eng d | ||
| 037 | _aBooks to be hide in OPAC | ||
| 040 |
_aFEDL _beng _cFEDL |
||
| 041 |
_aeng _2eng |
||
| 084 |
_a362.7, TEN/O _qFEDL |
||
| 245 | 0 | _aYouth development center milledgeville, georgia | |
| 260 | _c1968 | ||
| 300 | _a53p. | ||
| 942 |
_cHB _h362.7, TEN/O |
||
| 999 |
_c1359029 _d1359029 |
||